[Event "Hamburg-ch Seniors 65+"]
[Site "Hamburg"]
[Date "2018.11.03"]
[Round "4"]
[White "Lipka, Werner"]
[Black "Ristic, Sreten"]
[Result "0-1"]
[WhiteElo "1630"]
[BlackElo "1776"]
[PlyCount "48"]
[EventDate "2018.10.31"]
[EventType "swiss"]
[EventRounds "9"]
[EventCountry "GER"]
[SourceTitle "CBM 189 Extra"]
[Source "ChessBase"]
[SourceDate "2019.06.03"]
[SourceVersion "1"]
[SourceVersionDate "2019.06.03"]
[SourceQuality "1"]

1. e4 d6 2. d4 g6 3. Nf3 Nf6 4. Bd3 Bg7 5. h3 e6 6. Be3 Nc6 7. Qd2 h6 8. c4 Bd7 9. d5 Ne7 10. Nc3 e5 11. 0-0 c5 12. a3 a6 13. b4 b6 14. b5 a5 15. a4 Nh5 16. Ne2 f5 17. Nh4 f4 18. Nxg6 Nxg6 19. Ra3 Qh4 20. Ng3 Nxg3 21. fxg3 Qxg3 22. Rf3 Qh4 23. Bf2 Qe7 24. Be2 0-0-0 0-1

[Event "Hamburg-ch Seniors 23rd"]
[Site "Hamburg"]
[Date "2016.11.04"]
[Round "3"]
[White "Englert, Barbara"]
[Black "Lipka, Werner"]
[Result "1-0"]
[WhiteElo "818"]
[BlackElo "1262"]
[PlyCount "55"]
[EventDate "2016.11.02"]
[EventType "swiss"]
[EventRounds "9"]
[EventCountry "GER"]
[SourceTitle "EXT 2019"]
[Source "ChessBase"]
[SourceDate "2018.10.10"]
[SourceVersion "1"]
[SourceVersionDate "2018.10.10"]
[SourceQuality "1"]

1. e4 c5 2. Nf3 Nc6 3. d4 cxd4 4. Nxd4 Nf6 5. Nc3 g6 6. f3 Bg7 7. Be3 d5 8. Nb3 a6 9. Qd2 e6 10. 0-0-0 0-0 11. Bg5 dxe4 12. Qxd8 Nxd8 13. Bxf6 Bxf6 14. Nxe4 Bg7 15. h4 b6 16. h5 Bb7 17. Bd3 a5 18. hxg6 hxg6 19. Rh4 Nc6 20. Rdh1 Rad8 21. Be2 Ne7 22. g4 Nd5 23. g5 e5 24. Bc4 Nf4 25. Nf6+ Bxf6 26. gxf6 Nh5 27. Rg1 Nxf6 28. Rxg6# 1-0

[Event "Hamburg-ch Seniors 23rd"]
[Site "Hamburg"]
[Date "2016.11.02"]
[Round "1"]
[White "Cassens, Erhard Otto"]
[Black "Lipka, Werner"]
[Result "1-0"]
[WhiteElo "1829"]
[BlackElo "1262"]
[PlyCount "71"]
[EventDate "2016.11.02"]
[EventType "swiss"]
[EventRounds "9"]
[EventCountry "GER"]
[SourceTitle "EXT 2019"]
[Source "ChessBase"]
[SourceDate "2018.10.10"]
[SourceVersion "1"]
[SourceVersionDate "2018.10.10"]
[SourceQuality "1"]

1. d4 g6 2. e4 Bg7 3. c3 d6 4. Nf3 Nf6 5. Bd3 0-0 6. h3 a6 7. Bf4 Nbd7 8. Nbd2 c6 9. g4 b5 10. Qe2 a5 11. Bg3 Bb7 12. 0-0 Re8 13. a4 b4 14. c4 Kh8 15. Ng5 Rf8 16. f4 c5 17. e5 Ng8 18. d5 h6 19. Nxf7+ Rxf7 20. Bxg6 Rf8 21. Bd3 Re8 22. Qe4 Ngf6 23. exf6 Nxf6 24. Qg6 e6 25. g5 Qe7 26. Rae1 Rg8 27. Rxe6 Qc7 28. gxf6 Bf8 29. Qe4 Qf7 30. Kh2 Bc8 31. f5 h5 32. Bxd6 Qh7 33. Bxf8 Rg4 34. Bg7+ Rxg7 35. fxg7+ Qxg7 36. Re8+ 1-0